Statistiques concernant Les personnages des Loups-garous de Thiercelieu

Cliquez ici pour prendre le quiz!

Statistiques générales

  • Ce quiz a été pris 99 fois
  • Le résultat moyen est 13 sur 32

Statistiques - réponses

Personnage% Correct
Sorcière
98%
Loup-garou
96%
Villageois
92%
Voyante
92%
Petite fille
87%
Chasseur
86%
Cupidon
85%
Voleur
69%
Loup blanc
66%
Enfant sauvage
41%
Joueur de flûte
41%
Ancien
40%
Salvateur
39%
Idiot du village
36%
Corbeau
35%
Grand méchant loup
33%
Bouc émissaire
32%
Renard
32%
Soeur
31%
Montreur d'ours
29%
Chien loup
28%
Infect père des loups
28%
Frère
22%
Chevalier à l'épée rouillée
16%
Juge bègue
15%
Pyromane
11%
Comédien
8%
Gitane
7%
Servante dévouée
6%
Abominable sectaire
1%
Ange déchu
1%
Garde champêtre
0%

Distribution des résultats

Percentile par nombre de réponses

% des personnes avec chaque résultat

Votre développement - résultats

Vous n’avez pas pris ce quiz